00446nam a2200193 a 4500001001300000003000900013005001700022008003800039020001100077082001700088100001600105245002500121260001300146300000800159500003500167505001000202650002400212700001600236nice12345678IN_TiNIC20260116012210.0050524s1968 a grp 000 0 urd  ac1.2500a297.297bOSM aOsman, Mohd aCommunism Awr Mazhab abc1968 a95p aincludes index and biblioraphy2 aIndex aCommunism and Islam1 aOsman, Mohd